Poistný vzťah ako kľúčový prvok fungovania poisťovníctva v kontexte spoločensko-ekonomických zmien záverečná správa za celé obdobie riešenia projektu VEGA č. 1/0431/14 : doba riešenia 01/2014 - 12/2016

Salvato in:
Dettagli Bibliografici
Autore principale: Pastoráková, Erika, 1972-
Ente Autore: Ekonomická univerzita v Bratislave. Národohospodárska fakulta
Altri autori: Brokešová, Zuzana, 1985-, Drugdová, Barbora, Ondruška, Tomáš, 1988-, Janíková, Terézia, Baláž, Peter, Bobovník, Daniel, Jurkovičová, Monika, Prociková, Júlia
Natura: Libro
Lingua:slovacco
Pubblicazione: Bratislava 2016
Edizione:1. vyd.
Soggetti:
Tags: Aggiungi Tag
Nessun Tag, puoi essere il primo ad aggiungerne!!

MARC

LEADER 00000nam a2200000 4500
001 0227028
005 20240506134013.1
041 0 |a slo 
044 |a SK 
245 1 0 |a Poistný vzťah ako kľúčový prvok fungovania poisťovníctva v kontexte spoločensko-ekonomických zmien  |b záverečná správa za celé obdobie riešenia projektu VEGA č. 1/0431/14 : doba riešenia 01/2014 - 12/2016  |c vedúci projektu: Erika Pastoráková, spoluriešitelia: Zuzana Brokešová ... [et al.] 
250 |a 1. vyd. 
264 1 |a Bratislava  |c 2016 
300 |a 11 s. 
610 2 0 |a trh poistný 
610 2 0 |a poistenie 
610 2 0 |a poisťovníctvo 
100 1 |a Pastoráková, Erika, 1972- 
700 1 |a Brokešová, Zuzana, 1985- 
700 1 |a Drugdová, Barbora 
700 1 |a Ondruška, Tomáš, 1988- 
700 1 |a Janíková, Terézia 
700 1 |a Baláž, Peter 
700 1 |a Bobovník, Daniel 
700 1 |a Jurkovičová, Monika 
700 1 |a Prociková, Júlia 
710 2 |a Ekonomická univerzita v Bratislave. Národohospodárska fakulta